000 00709nam a2200289Ia 4500
005 20260324122524.0
008 008 260324s9999 xx 000 0 eng d
020 _a9781315591483
037 _aEBOOK
040 _aCRL
040 _beng
040 _cCRL
041 _2eng
041 _aeng
084 _qCRL
100 _aAlberto Febbrajo; Gorm Harste
_91166766
245 0 _aLaw and Intersystemic Communication
245 0 _bUnderstanding ‘Structural Coupling’
260 _bTaylor and Francis
260 _c2013
365 _a
365 _b240
856 _uhttp://www.taylorfrancis.com/books/9781315591483
942 _cEBOOK
999 _c1759585
_d1759585